000 01077nam0a22002531 4500
001 rc\3418078
005 20260406222550.0
021 _aRU
_b[69-47313]
035 _a(NLR Aleph) 007581031
090 _a5508655
_c5508655
100 _a20130115d1969 |||y0rusy50 ca
101 0 _arus
102 _aRU
105 _ay z |||||
200 1 _aРекомендации по подготовке детей шестилетнего возраста к обучению в 1 классе
_fРост. обл. отд-ние Пед. о-ва РСФСР. Рост. обл. ин-т усовершенствования учителей
210 _aРостов-на-Дону
_cБ. и.
_d1969
215 _a25 с.
_d20
606 _aДети-шестилетки
_xПодготовка к школе
_2psbo
712 0 2 _aПедагогическое общество РСФСР
_bРостовское областное отделение
_9451965
_3RU\NLR\AUTH\889977626
801 0 _aRU
_bNLR
_gpsbo
801 1 _aRU
_bELAR
_2rusmarc
852 _aNLR
_j69-4/13492
942 _cBOOK
980 _aNB